000
00274nam a2200121Ia 4500
008
190216s9999||||xx |||||||||||||| ||und||
100
_a
Jesse W Markham
245
0
_a
American Economy
260
_b
Oxford & I B H
_c
1966
300
_a
260p
650
_a
Economics
942
_c
BK
999
_c
9242
_d
9242